| 000 | 00360nam a2200157Ia 4500 | ||
|---|---|---|---|
| 008 | 230605s2003 xx 000 0 und d | ||
| 041 | _aeng | ||
| 100 | _aShadel / Thatcher | ||
| 245 | _aThe Power Of Acceptance | ||
| 260 |
_bViva books Mumbai _c2003 _c2003 |
||
| 300 | _a265 | ||
| 365 |
_b156 _h20 |
||
| 500 | _a311 | ||
| 520 | _aGeneral | ||
| 650 | _aM.M. | ||
| 999 |
_c417878 _d417878 |
||